K problémom hospodárskeho vývoja v krajinách strednej a východnej Európy Príloha Hospodárskych novín

Rozdielna miera postupného oživenia hospodárstiev štátov strednej a východnej Európy. Vývoj HDP a predpoklad jeho tvorby r. 1996. Indikátory hospodárskeho vývoja vo vybraných krajinách.

Salvato in:
Dettagli Bibliografici
Natura: Capitolo di libro
Lingua:slovacco
Soggetti:
Tags: Aggiungi Tag
Nessun Tag, puoi essere il primo ad aggiungerne!!

MARC

LEADER 00000naa a2200000 4500
001 r019023
005 20221205101853.7
041 0 |a slo 
044 |a SK 
245 1 0 |a K problémom hospodárskeho vývoja v krajinách strednej a východnej Európy  |b Príloha Hospodárskych novín 
520 |a Rozdielna miera postupného oživenia hospodárstiev štátov strednej a východnej Európy. Vývoj HDP a predpoklad jeho tvorby r. 1996. Indikátory hospodárskeho vývoja vo vybraných krajinách. 
610 2 0 |a stredná Európa 
610 2 0 |a východná Európa 
610 2 0 |a 1991-1996 
610 2 0 |a vývoj hospodársky 
610 2 0 |a rast hospodársky 
610 2 0 |a oživenie 
610 2 0 |a produkt domáci hrubý